Guess the 1960s song lyrics #260 - Statistics

General Stats
  • This quiz has been taken 15 times
    2 since last reset
  • The average score is 150 of 225
Answer Stats
Answer % Correct
a
100%
all
100%
All
100%
and
100%
And
100%
can't
100%
cloud
100%
come
100%
Come
100%
do
100%
don't
100%
down
100%
feel
100%
from
100%
hear
100%
I
100%
in
100%
Is
100%
is
100%
it
100%
me
100%
mind
100%
my
100%
not
100%
on
100%
see
100%
so
100%
that
100%
the
100%
time
100%
to
100%
up
100%
When
100%
when
100%
Why
100%
with
100%
You
100%
you
100%
your
100%
you're
100%
You're
100%
always
50%
behind
50%
But
50%
Even
50%
girl
50%
got
50%
help
50%
I'm
50%
into
50%
leave
50%
make
50%
now
50%
That's
50%
there
50%
want
50%
What
50%
woman
50%
world
50%
You've
50%
Bobby Sherman
0%
busy
0%
chasing
0%
explain
0%
hanging
0%
happens
0%
Hey
0%
how
0%
little
0%
much
0%
Na
0%
na
0%
name
0%
picture
0%
please
0%
rain
0%
rainbows
0%
right
0%
say
0%
Something
0%
standing
0%
street
0%
sunshine
0%
There's
0%
there's
0%
walking
0%
Walking
0%
No matching quizzes found
Score Distribution
Percent of People with Each Score
Percentile by Number Answered
Your Score History
You have not taken this quiz since the last reset